00659nam a22002057a 45000010005000000030009000050050017000140080041000310200015000720400033000870820021001202450100001412500013002412600048002543000047003025000020003496500036003696500030004057000018004353627BD-DhUAP20201129114348.0201129s1994 lona b 001 0 eng d a0853692904 aDNLM/DLCcDLCdBD-DhUAPbEng00223a615.1141 PHA aThe pharmaceutical codex : bprinciples and practice of pharmaceutics /cedited by Walter Lund. a12th ed. aLondon :bThe pharmaceutical press,cc1994. axix, 1117 pages :billustrations ;c25 cm. aIncludes index. aPharmacopoeias zGreat Britain. aPharmaceutical chemistry. aLund, Walter.